[Event "North American-ch U10"]
[Site "Montreal"]
[Date "2010.08.17"]
[Round "4"]
[White "Sowa, Ryan"]
[Black "Kubrynski, Daniel"]
[Result "1-0"]
[WhiteElo "1057"]
[BlackElo "882"]
[PlyCount "73"]
[EventDate "2010.08.16"]
[EventType "swiss"]
[EventRounds "7"]
[EventCountry "CAN"]
[SourceTitle "EXT 2013"]
[Source "ChessBase"]
[SourceDate "2012.11.22"]
[SourceVersion "1"]
[SourceVersionDate "2012.11.22"]
[SourceQuality "1"]

1. d4 d5 2. c4 dxc4 3. e4 h6 4. Bxc4 b6 5. Nf3 Bg4 6. Be3 Bxf3 7. Qxf3 e6 8. 0-0 Be7 9. d5 Nf6 10. dxe6 fxe6 11. Bxe6 Qd6 12. Qf5 Nbd7 13. Nc3 0-0-0 14. Rad1 Qc6 15. b4 a6 16. Rd3 g6 17. Qh3 Kb8 18. Bxd7 Nxd7 19. Rfd1 Kc8 20. Nd5 Rhe8 21. Nxb6+ cxb6 22. Rc1 Bc5 23. Bxc5 Kb8 24. Bd6+ Kb7 25. Rxc6 Kxc6 26. Qf3 Re6 27. e5+ Kb5 28. Qd5+ Ka4 29. Qxe6 Rc8 30. h3 Rd8 31. Bc7 Nf8 32. Qb3+ Kb5 33. Rxd8 Ne6 34. g4 Kc6 35. Qxe6+ Kxc7 36. Rd7+ Kc8 37. Qe8# 1-0